00665nam a2200229 a 4500001001300000003000900013005001700022008004100039020001000080082001600090100002300106245002900129260004800158300000800206500003500214650001600249700002300265902000800288942000700296952011700303999001500420nice12345678IN_TiNIC20260116012825.0080227s0000 newa grp 000 0 urd  ac10000a297.93bSIN aSingh, Giani Dilip aBahai Dharam Ka Ek Khaka aNew DelhibBahai Publishing Committeec0000 a20p aincludes index and biblioraphy aBahai Faith1 aSingh, Giani Dilip bSRS cBK 001040708StackRoom-aHMIbHMId2008-02-27g100.00l0o297.93 SINp013295r2008-02-27v100.00w2008-02-27yBK c8531d8531